Új igazgatósági tagok a Démásznál
Elmentve itt :
| Dokumentumtípus: | Cikk |
|---|---|
| Megjelent: |
2005-10-19
|
| Sorozat: | Délmagyarország
95 No. 245 |
| Kulcsszavak: | Szeged, Energiaellátás áramszolgáltatás, Délmagyarországi Áramszolgáltató Rt. (Szeged), Démász Rt. (Szeged) |
| Online Access: | http://dmarchiv.bibl.u-szeged.hu/135440 |
| LEADER | 00515nab a2200145 i 4500 | ||
|---|---|---|---|
| 001 | delm135440 | ||
| 005 | 20191128113301.0 | ||
| 008 | 191128s2005 hu o 0|| hun d | ||
| 040 | |a SZTE Délmagyarország Archívum |b hun | ||
| 041 | |a hun | ||
| 245 | 0 | 0 | |a Új igazgatósági tagok a Démásznál |h [elektronikus dokumentum] |
| 260 | |c 2005-10-19 | ||
| 300 | |a 3 | ||
| 490 | 0 | |a Délmagyarország |v 95 No. 245 | |
| 695 | |a Szeged, Energiaellátás áramszolgáltatás, Délmagyarországi Áramszolgáltató Rt. (Szeged), Démász Rt. (Szeged) | ||